Saptaparni (Record no. 1680161)

MARC details
000 -LEADER
fixed length control field 00277 a2200121 4500
000 - LEADER
fixed length control field nam a22 7a 4500
005 - DATE AND TIME OF LATEST TRANSACTION
control field 20260224155432.0
020 ## - INTERNATIONAL STANDARD BOOK NUMBER
International Standard Book Number 9789369447404
100 ## - MAIN ENTRY--PERSONAL NAME
Personal name Rama Pandey
9 (RLIN) 1116566
245 ## - TITLE STATEMENT
Title Saptaparni
260 ## - PUBLICATION, DISTRIBUTION, ETC.
Name of publisher, distributor, etc. Vani Prakashan
Date of publication, distribution, etc. 2025
942 ## - ADDED ENTRY ELEMENTS (KOHA)
Koha item type Textual
Holdings
Withdrawn status Lost status Source of classification or shelving scheme Damaged status Not for loan Home library Current library Date acquired Source of acquisition Cost, normal purchase price Inventory number Total Checkouts Barcode Date last seen Cost, replacement price Price effective from Koha item type
    Colon Classification (CC)   Ordered South Campus Library South Campus Library 2026-02-25 76 236.00 VP/GV/403 & 12/12/2025   SC1809120 2026-02-25 295.00 2026-02-25 Textual
Copyright @ Delhi University Library System